000 00494nmm a2200157Ia 4500
008 251105s9999||||xx |||||||||||||||||und||
041 _aspa
100 _aMoreno Sánchez, José Luis
245 0 _aIniciación a Office 2013
264 _a[Madrid, España] :
_bMinisterio de Educación, Cultura y Deporte de España,
_c2014
300 _a454 páginas
490 _aAula Mentor
650 _aTechnology and computing
856 _uhttps://public.digitaliapublishing.com/a/39820
942 _cCF
999 _c98434
_d98434